Normal view
MARC view
- Cady, P. D.
Entry Personal Name
001 - CONTROL NUMBER
- control field: 22065
003 - CONTROL NUMBER IDENTIFIER
- control field: NUST
005 - DATE AND TIME OF LATEST TRANSACTION
- control field: 20191001101746.0
008 - FIXED-LENGTH DATA ELEMENTS
- fixed length control field: 191001|| aca||aabn | a|a d
040 ## - CATALOGING SOURCE
- Original cataloging agency: NUST
- Transcribing agency: NUST
100 ## - HEADING--PERSONAL NAME
- Personal name: Cady, P. D.
- Fuller form of name: (Philip Dale),
- Dates associated with a name: 1933-
670 ## - SOURCE DATA FOUND
- Source citation: Work cat.: (NUST)0: Cady, P. D. (Philip Dale), 1933-, Sealers for Portland cement concrete highway facilities /, 1994.
